| 000 | 00390 a2200109 4500 | ||
|---|---|---|---|
| 001 | ART_9484 | ||
| 005 | 20260410161846.0 | ||
| 008 | 260409a | ||
| 245 | 1 | 0 | _aEfectos de la situación internacional de los años setenta sobre un gran deudor latinoamericano |
| 100 | 1 | _aBekerman, Marta | |
| 773 | 0 |
_tEl trimestre económico _g- Vol. LII, Nº 205 (ene./mar. 1985) _wREV6933 |
|
| 999 |
_c24591 _d24591 |
||